A carregar...

Mill on Bentham and Coleridge

Detalhes bibliográficos
Autor principal: Mill, John Stuart
Formato: Printed Book
Publicado em: Cambridge, CUP 1980
Assuntos:
LEADER 006300000a22001930004500
020 |a 0-521-299179-9 
082 |a 192 MIL M0 
100 |a Mill, John Stuart 
245 |a Mill on Bentham and Coleridge 
260 |a Cambridge, CUP 
260 |c 1980 
465 |a P 8.50 
650 |a Bentham, Jeremy-Criticism and interpretation 
650 |a Coleridge, Samuel Taylor-Philosophy 
650 |a Mill, John Stuart-Philosophy 
650 |a Philosophy, British 
942 |c BK 
999 |c 14174  |d 14174 
952 |0 0  |1 0  |4 0  |6 192_000000000000000_MIL_M0  |7 0  |8 ENG  |9 13975  |a MGUL  |b MGUL  |d 2013-07-16  |e P 8.50  |l 0  |o 192 MIL M0  |p 07564  |r 2013-07-16  |w 2013-07-16  |y BK